[Event "XVII Burgas Open"]
[Site "Ourense ESP"]
[Date "2008.07.06"]
[Round "4"]
[White "Losada Gallego,J"]
[Black "Nora,F"]
[Result "0-1"]
[WhiteElo "1716"]
[BlackElo "1941"]

1.e4 d6 2.d4 Nf6 3.Nc3 c6 4.Nf3 g6 5.h3 Bg7 6.Be3 b5 7.Bd3 a6 8.Qd2 Qc7 9.Bh6 O-O
10.Bxg7 Kxg7 11.Ne2 e5 12.c3 Re8 13.dxe5 dxe5 14.Ng3 c5 15.Bc2 Nc6 16.Qe3 Na5
17.b3 c4 18.b4 Nb7 19.Nf5+ Bxf5 20.exf5 Nd5 21.Qg5 e4 22.Nd4 Re5 23.O-O h6
24.Qh4 g5 25.Qg3 Nf4 26.Rae1 Rae8 27.Qg4 Nd6 28.h4 Kf6 29.g3 Nd3 30.hxg5+ hxg5
31.Re3 Rh8 32.f3 Rg8 33.fxe4 Qb7 34.Qh5 Rxe4 35.Qh6+ Ke7 36.Ref3 Re5 37.g4 Qe4
38.f6+ Kd7 39.Qh3 Rge8 40.Qg3 Rh8 41.Nf5 Re6 42.Ng7 Rxf6 43.Nh5 Rxf3 44.Rxf3 Qe1+
45.Qxe1 Nxe1 46.Bf5+ Nxf5 47.Rxf5 Rf8 48.Rf6 Ra8 49.Rxf7+ Ke6 50.Rf6+ Ke5
51.Kf2 Nd3+ 52.Ke3 Nc1 53.a3 Rd8 54.Rf5+ Ke6 55.Ng7+ Ke7 56.Ke4 Ne2 57.Re5+ Kf7
58.Ne6 Nxc3+ 59.Kf5 Rd1 60.Nxg5+ Kf8 61.Ne6+ Kf7 62.g5 Rf1+ 63.Nf4 Nd1 64.g6+ Kf8
65.Kg5 Rg1+ 66.Kf6 Nf2 67.Rd5 Ng4+ 68.Ke6 Re1+ 69.Kd6 Nf6 70.Rf5 Kg7 71.Kc6 Re4
72.Kb6 Rxf4 73.Rc5 Nd7+ 74.Kxa6 Nxc5+  0-1

[Event "World Open"]
[Site "Philadelphia USA"]
[Date "2008.07.06"]
[Round "8"]
[White "Ganguly,S"]
[Black "Akobian,V"]
[Result "1-0"]
[WhiteElo "2631"]
[BlackElo "2610"]

1.e4 d6 2.d4 Nf6 3.Nc3 c6 4.f4 Qa5 5.e5 Ne4 6.Qf3 d5 7.Bd3 Nxc3 8.Bd2 Qb6
9.bxc3 e6 10.Qd1 c5 11.Nf3 Nc6 12.Rb1 Qc7 13.O-O c4 14.Be2 Be7 15.Qe1 Qa5
16.Ra1 Bd7 17.Qg3 g6 18.a4 O-O-O 19.Qf2 Rdf8 20.Qe3 a6 21.Rfb1 Kb8 22.Be1 Ka8
23.h3 Na7 24.Bh4 Bxh4 25.Nxh4 Nc8 26.Rb4 Nb6 27.Nf3 Nxa4 28.Nd2 Rc8 29.Bf3 b5
30.Ne4 dxe4 31.Raxa4 Qxa4 32.Rxa4 bxa4 33.Bxe4+ Bc6 34.Qe1 Rhd8 35.Bxc6+ Rxc6
36.Qa1 Rd5 37.Qxa4 Kb7 38.Kf2 Rb5 39.g4 Kb6 40.Qa3 Kb7 41.Ke3 Rb1 42.f5 gxf5
43.gxf5 Rc7 44.f6 Rh1 45.Qb4+ Kc8 46.Qb6 Rxh3+ 47.Kf4 Rh1 48.Qxa6+ Kb8 49.Qb5+ Ka7
50.Qa4+ Kb7 51.Qb5+ Ka7 52.Qe8 h5 53.Kg5 Rg1+ 54.Kxh5 Rg2 55.d5 Rb7 56.dxe6 Rb1
57.Qd7+  1-0

[Event "Superfinal Chelyabinsk Oblast"]
[Site "Satka RUS"]
[Date "2008.07.06"]
[Round "1"]
[White "Timoscenko,G"]
[Black "Yatsenko,A"]
[Result "0-1"]
[WhiteElo "2467"]
[BlackElo "2483"]

1.d4 d6 2.e4 Nf6 3.Nc3 e5 4.dxe5 dxe5 5.Qxd8+ Kxd8 6.Bc4 Ke8 7.Nf3 Bd6 8.Bg5 Be6
9.Bxe6 fxe6 10.Nd2 Nc6 11.f3 a6 12.O-O-O h6 13.Be3 Ke7 14.Ne2 Nd7 15.Nb3 b5
16.Kb1 a5 17.Nbc1 Rhb8 18.Nd3 a4 19.c3 Na5 20.Kc2 c5 21.Bf2 Nc4 22.Kb1 Ra6
23.Rc1 Rba8 24.Rc2 Kd8 25.Ng3 Kc7 26.Nf1 Kc6 27.Nd2 Ndb6 28.Nxc4 bxc4 29.Nc1 a3
30.b3 Ra5 31.h4 Rb5 32.Ka1 Rb8 33.Rd1 Bc7 34.Rdd2 Na4 35.Bg3 R5b7 36.Rd1 Nb2
37.Rdd2 g6 38.Bh2 g5 39.hxg5 hxg5 40.g4 Rh8 41.Rg2 Rbb8 42.Bg1 Rh3 43.Be3 Rg8
44.b4 cxb4 45.cxb4 Rxf3 46.Rc3 Bb6 47.Bd2 Rxc3 48.Bxc3 Bd4 49.Ne2 Rf8 50.Kb1 Bxc3
51.Nxc3 Nd3 52.Rh2 Rf1+ 53.Kc2 Nxb4+ 54.Kd2 Rf3 55.Ne2 Nxa2 56.Rh8 c3+ 57.Kc2 Rf2
58.Kd3 c2 59.Rc8+ Kd7 60.Rxc2 Nb4+  0-1

[Event "5th Sth Wales Int"]
[Site "Trefforst WLS"]
[Date "2008.07.06"]
[Round "2"]
[White "Jones,Ri"]
[Black "Van Kemenade,R"]
[Result "1/2-1/2"]
[WhiteElo "2075"]
[BlackElo "1971"]

1.e4 c6 2.d4 d6 3.Nc3 Nf6 4.f4 Qa5 5.Bd3 e5 6.Nf3 Bg4 7.Be3 Nbd7 8.O-O Be7
9.Qe1 Bxf3 10.Rxf3 exd4 11.Bxd4 O-O 12.a3 Nc5 13.b4 Nxd3 14.Rxd3 Qh5 15.Bxf6 Bxf6
16.Rxd6 Qg4 17.g3 a5 18.Rd3 axb4 19.axb4 Bxc3 20.Qxc3 Rxa1+ 21.Qxa1 Qe2 22.Qc3 Qxe4
23.Rd7 h5 24.Rd4 Qe2 25.Qd2 Qf3  1/2-1/2

[Event "36th TCh-GRE"]
[Site "Kallithea Halkidiki GRE"]
[Date "2008.07.07"]
[Round "3"]
[White "Willemze,T"]
[Black "Koukoufikis,A"]
[Result "1-0"]
[WhiteElo "2398"]
[BlackElo "2252"]

1.e4 d6 2.d4 Nf6 3.Nc3 e5 4.Nf3 Nbd7 5.g4 Nxg4 6.Rg1 Ngf6 7.Bc4 h6 8.Be3 c6
9.dxe5 dxe5 10.Qd3 Qc7 11.Bxf7+ Kxf7 12.Qc4+ Ke8 13.Qe6+ Kd8 14.O-O-O Bd6
15.Qxd6 Qxd6 16.Rxd6 Kc7 17.Rd2 g5 18.h4 g4 19.Nh2 Nb6 20.b3 Be6 21.f4 gxf3
22.Rg6 Nbd7 23.Rxd7+ Bxd7 24.Rxf6 Raf8 25.Rxf3 Rxf3 26.Nxf3 Kd6 27.Na4 Bg4
28.Nd2 b6 29.c4 Ke6 30.Nc3 h5 31.a4 Ra8 32.Kc2 Bh3 33.Nf3 Bg2 34.Ng5+ Kd6
35.Ne2 b5 36.axb5 cxb5 37.c5+ Kc6 38.Ng3 a5 39.Nf7 Re8 40.Kc3 Re7 41.Nd6 Bf3
42.Ngf5 Ra7 43.Nc8 Ra8 44.Nfe7+ Kc7 45.Nb6 Rf8 46.Nbd5+ Kd7 47.c6+ Kd6 48.c7 Bg4
49.b4 axb4+ 50.Kxb4 Bd7 51.Bc5+ Ke6 52.c8=Q Rxc8 53.Nxc8 Bxc8 54.Nc7+  1-0

[Event "36th TCh-GRE"]
[Site "Kallithea Halkidiki GRE"]
[Date "2008.07.07"]
[Round "3"]
[White "Darmarakis,M"]
[Black "Dalaklis,G"]
[Result "0-1"]
[WhiteElo "2184"]
[BlackElo "2186"]

1.e4 d6 2.d4 Nf6 3.Nc3 Nbd7 4.Be2 e5 5.Nf3 Be7 6.O-O O-O 7.Re1 c6 8.a4 b6
9.Bf1 a6 10.h3 Bb7 11.Bg5 Re8 12.g3 Bf8 13.Bg2 Qc7 14.Re2 b5 15.Qe1 exd4
16.Nxd4 g6 17.axb5 axb5 18.Rxa8 Bxa8 19.Nb1 Qb6 20.Nf3 h6 21.Bf4 Nh5 22.Be3 c5
23.Nfd2 Bg7 24.g4 Nhf6 25.Bf4 Ne5 26.Bg3 c4 27.Kh1 Nfd7 28.Nc3 Nc6 29.Nd5 Qd8
30.Qb1 Nd4 31.Re3 Nb6 32.c3 Ne6 33.b3 cxb3 34.Qxb3 Nc5 35.Qxb5 Bxd5 36.exd5 Rxe3
37.fxe3 Bxc3 38.Nb3 Nxb3 39.Qxb3 Bf6 40.Qb4 Nc8 41.Be4 Qe7 42.Kg2 Kg7 43.Kf3 Be5
44.Be1 Qf6+ 45.Ke2 Ne7 46.Qb7 Ng8 47.Qb8 Qe7 48.Bd3 Nf6 49.Bc4 Bd4 50.Bf2 Bc5
51.Qb1 Qe5 52.Qd3 Qh2 53.Ba6 Qxh3 54.Bc8 Qg2 55.Qc4 Ne4  0-1

[Event "Maestro Open"]
[Site "Berdsk RUS"]
[Date "2008.07.08"]
[Round "1"]
[White "Beletsky,A"]
[Black "Gorbachev,Ant"]
[Result "0-1"]
[WhiteElo "2357"]
[BlackElo "1983"]

1.e4 d6 2.d4 Nf6 3.Nc3 Nbd7 4.Nf3 e5 5.Bc4 Be7 6.dxe5 dxe5 7.Qe2 c6 8.a4 O-O
9.O-O Qc7 10.Rd1 Nc5 11.h3 Be6 12.Be3 Bxc4 13.Qxc4 Ne6 14.Ng5 Nxg5 15.Bxg5 Qb6
16.Bxf6 Bxf6 17.a5 Qc7 18.a6 Rfc8 19.axb7 Qxb7 20.b3 Be7 21.Rd3 Rd8 22.Rad1 h6
23.Rxd8+ Rxd8 24.Rxd8+ Bxd8 25.Nd1 Qb5 26.Nb2 Bb6 27.Qf1 Qc5 28.Nc4 Qd4 29.Qe2 Qa1+
30.Kh2 Qd4 31.g3 f6  0-1

[Event "XVII Burgas Open"]
[Site "Ourense ESP"]
[Date "2008.07.08"]
[Round "6"]
[White "Mateus,F"]
[Black "Nora,F"]
[Result "1/2-1/2"]
[WhiteElo "1806"]
[BlackElo "1941"]

1.e4 d6 2.d4 Nf6 3.Nc3 c6 4.Nf3 g6 5.Be3 Bg7 6.Qd2 b5 7.a3 a6 8.h3 Qc7 9.Bh6 O-O
10.Bxg7 Kxg7 11.Bd3 e5 12.dxe5 dxe5 13.h4 Nbd7 14.O-O-O Nc5 15.h5 a5 16.hxg6 fxg6
17.Qh6+ Kg8 18.Ng5 Ng4 19.Qh4 Ra7  1/2-1/2

[Event "IV Open"]
[Site "Alajuela CRC"]
[Date "2008.07.09"]
[Round "1"]
[White "Chavez,Da"]
[Black "Valdes,Le"]
[Result "0-1"]
[WhiteElo "1740"]
[BlackElo "2408"]

1.e4 d6 2.d4 Nf6 3.Nc3 Nbd7 4.Nf3 e5 5.Be2 Be7 6.O-O O-O 7.h3 c6 8.a4 b6
9.b3 a6 10.Qd2 Bb7 11.Bd3 b5 12.axb5 axb5 13.Rxa8 Bxa8 14.Qe2 Re8 15.Bb2 Bf8
16.Nb1 exd4 17.Nxd4 d5 18.f3 Nh5 19.Qd2 Ne5 20.Rd1 Nxd3 21.cxd3 Qb6 22.Kh1 g6
23.b4 Bd6 24.Ne2 Qf2 25.Bd4 Qxe2 26.Qxe2 Ng3+  0-1

[Event "7th Open"]
[Site "La Fere FRA"]
[Date "2008.07.09"]
[Round "6"]
[White "Van Kampen,R"]
[Black "Gonzalez Garcia,P"]
[Result "1-0"]
[WhiteElo "2294"]
[BlackElo "1643"]

1.e4 d6 2.d4 Nf6 3.Nc3 c6 4.Nf3 e5 5.dxe5 dxe5 6.Qxd8+ Kxd8 7.Nxe5 Be6 8.Bg5 Be7
9.O-O-O+ Nbd7 10.f4 h6 11.Bh4 Ng4 12.Bxe7+ Kxe7 13.Nxg4 Bxg4 14.Rd2 Nb6 15.Bd3 Rhe8
16.Re1 Rad8 17.f5 f6 18.e5 fxe5 19.Rxe5+ Kf8 20.Re4 Rxe4 21.Nxe4 Ke7 22.Ng3 Nd5
23.h3 Bxh3 24.gxh3 Nf4 25.Bf1 Rf8 26.Rf2 g5 27.Ne2 Rxf5 28.Nxf4 Rxf4 29.Rxf4 gxf4
30.Kd2 Kf6 31.Ke2 Ke5 32.Kf3 b5 33.b4 a6 34.Bd3 h5 35.Be4  1-0

[Event "XVII Burgas Open"]
[Site "Ourense ESP"]
[Date "2008.07.09"]
[Round "7"]
[White "Lozoya Rodriguez,A"]
[Black "Garcia Castro,P"]
[Result "0-1"]
[WhiteElo "2171"]
[BlackElo "2390"]

1.d4 d6 2.e4 Nf6 3.Nc3 Nbd7 4.Nf3 e5 5.Bc4 Be7 6.O-O O-O 7.h3 c6 8.a4 a5
9.b3 h6 10.Ba3 Re8 11.d5 Nb6 12.Qd3 Nxc4 13.bxc4 c5 14.Bc1 Nh5 15.Ne2 f5
16.Ng3 Nxg3 17.fxg3 fxe4 18.Qxe4 Rf8 19.g4 Qe8 20.Bd2 Bd7 21.Rfb1 Ra7 22.Ra3 h5
23.Ng5 Bxg5 24.Bxg5 Bxa4 25.Rb6 Ra6 26.Rxb7 Bd7 27.Rg3 h4 28.Rgb3 a4 29.R3b6 Ra8
30.Rxd6 Rf7 31.Qg6 a3 32.Rdxd7 Rf1+  0-1

[Event "Maestro Open"]
[Site "Berdsk RUS"]
[Date "2008.07.10"]
[Round "3"]
[White "Kozlov,Va2"]
[Black "Gorbachev,Ant"]
[Result "0-1"]
[WhiteElo "2150"]
[BlackElo "1983"]

1.e4 d6 2.d4 Nf6 3.Nc3 Nbd7 4.f4 e5 5.Nf3 exd4 6.Qxd4 Be7 7.Be3 Nc5 8.Bc4 c6
9.e5 Ng4 10.exd6 Nxe3 11.Qxe3 Qxd6 12.Rd1 Qc7 13.Qe5 Qxe5+ 14.Nxe5 O-O 15.O-O Bf5
16.Rfe1 Bf6 17.b4 Ne6 18.Bxe6 Bxe6 19.Ne4 Be7 20.a3 Rad8 21.Nc5 Bc8 22.Kf1 Rxd1
23.Rxd1 Rd8 24.Rxd8+ Bxd8 25.Ke2 f6 26.Ned3 Kf7 27.Ke3 b6 28.Ne4 Be7 29.c4 Ke6
30.g4 g6 31.h3 Bd6 32.Kd4 h6 33.Ng3 f5 34.Ne5 c5+ 35.Kd3 cxb4 36.axb4 Bxb4
37.Nxg6 fxg4 38.hxg4  0-1

[Event "36th TCh-GRE"]
[Site "Kallithea Halkidiki GRE"]
[Date "2008.07.10"]
[Round "7"]
[White "Loukopoulos,S"]
[Black "Kiriakopoulos,A"]
[Result "1-0"]
[WhiteElo "2119"]
[BlackElo "2055"]

1.e4 c6 2.d4 d6 3.Nc3 Nf6 4.h3 g6 5.Nf3 Bg7 6.a4 O-O 7.Bc4 Nbd7 8.O-O Qc7
9.Qe2 e5 10.dxe5 dxe5 11.Be3 Nh5 12.Rfe1 Nf4 13.Bxf4 exf4 14.e5 Nc5 15.Ne4 Nxe4
16.Qxe4 Bf5 17.Qxf4 Bxc2 18.Nd4 Rae8 19.Nxc2 Rxe5 20.Re3 Qa5 21.b4 Rf5 22.Qg4 Qc7
23.Rae1 Be5 24.Rf3 h5 25.Qxg6+  1-0

[Event "2nd NJ Futurity Int"]
[Site "New Jersey USA"]
[Date "2008.07.10"]
[Round "6"]
[White "Yudasin,L"]
[Black "Zlotnikov,M"]
[Result "1-0"]
[WhiteElo "2550"]
[BlackElo "2345"]

1.e4 d6 2.d4 Nf6 3.Nc3 c6 4.f4 Qa5 5.Bd3 Bg4 6.Nf3 e5 7.Be3 Bxf3 8.Qxf3 Nbd7
9.O-O Be7 10.Ne2 h5 11.c3 g6 12.a4 Qc7 13.a5 O-O 14.b4 b5 15.Kh1 a6 16.Rae1 Rfe8
17.Bb1 Kg7 18.Bg1 Rh8 19.Nc1 Nh7 20.Qd3 Bf6 21.Ba2 Rae8 22.Qd1 Re7 23.Qb3 Rf8
24.Nd3 Kg8 25.dxe5 dxe5 26.f5 Qd8 27.fxg6  1-0

[Event "XVII Burgas Open"]
[Site "Ourense ESP"]
[Date "2008.07.10"]
[Round "8"]
[White "Ferreiro Mera,A"]
[Black "Nora,F"]
[Result "1-0"]
[WhiteElo "1723"]
[BlackElo "1941"]

1.e4 d6 2.d4 Nf6 3.Nc3 c6 4.Nf3 g6 5.Bf4 Bg7 6.Qd2 b5 7.Bd3 a6 8.Bh6 O-O
9.e5 Nd5 10.Nxd5 cxd5 11.h4 Re8 12.Bxg7 Kxg7 13.h5 Rh8 14.O-O-O dxe5 15.dxe5 Nc6
16.Rh2 Qa5 17.c3 Qxa2 18.hxg6 Qa1+ 19.Bb1 h5 20.Qg5 f6 21.exf6+ exf6 22.Qxd5 Ra7
23.Rxh5 Rxh5 24.Qxh5 f5 25.Qh7+ Kf6 26.Rd6+ Be6 27.Qh8+  1-0

[Event "Inautomarket Open"]
[Site "Minsk BLR"]
[Date "2008.07.11"]
[Round "2"]
[White "Borsuk,Y"]
[Black "Nechepurenko,R"]
[Result "1/2-1/2"]
[WhiteElo "2283"]
[BlackElo "2476"]

1.e4 d6 2.d4 Nf6 3.Nc3 e5 4.dxe5 dxe5 5.Qxd8+ Kxd8 6.Bg5 Be6 7.O-O-O+ Nd7
8.Nf3 Kc8 9.a3 c6 10.Bh4 h6 11.Bg3 Bc5 12.Rd2 Rd8 13.Bd3 Nh5 14.Bxe5 Nxe5
15.Nxe5 Bd6 16.f4 Nxf4 17.Nf3 Bc5 18.Re1 Kc7 19.g3 Ng6 20.e5 Bg4 21.Bxg6 fxg6
22.Ne4 Bb6 23.Rxd8 Rxd8 24.Nfd2 Bd4 25.c3 Bb6 26.Nc4 Be6 27.Nxb6 axb6 28.Nd6 Rf8  1/2-1/2

[Event "Inautomarket Open"]
[Site "Minsk BLR"]
[Date "2008.07.11"]
[Round "2"]
[White "Demianjuk,A"]
[Black "Zablotsky,S"]
[Result "0-1"]
[WhiteElo "2317"]
[BlackElo "2514"]

1.e4 d6 2.d4 Nf6 3.Nc3 e5 4.Nf3 Nbd7 5.Bc4 Be7 6.O-O O-O 7.Re1 c6 8.a4 exd4
9.Nxd4 Ne5 10.Bb3 Re8 11.a5 Bf8 12.h3 Bd7 13.Be3 b5 14.axb6 axb6 15.Rxa8 Qxa8
16.f4 Ng6 17.Nf3 b5 18.Ng5 d5 19.e5 h6 20.Nge4 Nxe4 21.Nxe4 Qd8 22.Qh5 Bc8
23.c3 Qh4 24.Qxh4 Nxh4 25.Nc5 f6 26.Bd4 Ng6 27.Nd3 fxe5 28.Bxe5 Bf5 29.Rd1 Bxd3
30.Rxd3 Nxe5 31.fxe5 Rxe5 32.Bd1 Bc5+ 33.Kf1 Kf7 34.Bf3 Ke6 35.Rd2 Kd6 36.Re2 Be3
37.Ke1 c5 38.Kd1 c4 39.Kc2 b4 40.b3 bxc3 41.Kxc3 cxb3 42.Kxb3 d4 43.Kc4 Ra5
44.Rb2 Rc5+ 45.Kd3 Ke5 46.Rc2 Ra5 47.Rb2 Ra3+ 48.Ke2 Kf4 49.Rb4 g6 50.Rc4 h5
51.Rb4 h4 52.Bd5 Kg3 53.Bf3 g5 54.Rb7 Ra2+ 55.Kd3 Rxg2 56.Bxg2 Kxg2 57.Ke4 Kxh3  0-1

[Event "XVII Burgas Open"]
[Site "Ourense ESP"]
[Date "2008.07.11"]
[Round "9"]
[White "Gil Fernandez,J"]
[Black "Nora,F"]
[Result "0-1"]
[WhiteElo "1551"]
[BlackElo "1941"]

1.e4 d6 2.d4 Nf6 3.Nc3 c6 4.f3 Nbd7 5.Be3 e5 6.d5 c5 7.Qd2 a6 8.g4 b5 9.g5 Ng8
10.f4 h6 11.fxe5 Nxe5 12.O-O-O Be7 13.gxh6 Nxh6 14.Qg2 Bf6 15.Nh3 Nhg4 16.Bf4 b4
17.Ne2 Qa5 18.Kb1 Nc4 19.e5 Ngxe5 20.Qe4 Bxh3 21.Ng3 Bxf1 22.Rhxf1 O-O-O
23.Bxe5 Nxe5 24.Qf5+ Kc7 25.Ne4 Rxh2 26.Nxf6 gxf6 27.Qxf6 Qa4 28.Qf5 Rd7
29.Qe4 Qb5 30.Rf4 Qe2 31.Rdf1 Qxe4 32.Rxe4 Rd2 33.c4 bxc3 34.bxc3 Rd8 35.Ra4 Rb8+
36.Ka1 Rb6 37.c4 Kb7 38.a3 Rbb2  0-1

[Event "19th Czech Oce Open"]
[Site "Pardubice CZE"]
[Date "2008.07.11"]
[Round "3"]
[White "Genba,V"]
[Black "Krapivin,Vl"]
[Result "1/2-1/2"]
[WhiteElo "2429"]
[BlackElo "2385"]

1.e4 d6 2.d4 Nf6 3.Nc3 e5 4.dxe5 dxe5 5.Qxd8+ Kxd8 6.Nf3 Bd6 7.Bg5 c6 8.Bc4 Be6
9.Bxe6 fxe6 10.O-O-O Ke7 11.Rd2 Na6 12.Rhd1 Rhd8 13.Bh4 Bc7 14.Bg3 Rxd2 15.Rxd2 Nd7
16.a3 Bd6 17.b4 b5 18.Bh4+ Nf6 19.Bg3 Nd7 20.Bh4+ Nf6 21.Bg3 Nd7 22.Bh4+ Nf6
23.Bg3 Nd7  1/2-1/2

[Event "Aegean Open"]
[Site "Aghios Kirykos GRE"]
[Date "2008.07.12"]
[Round "1"]
[White "Koutrakis,S"]
[Black "Lubczynski,R"]
[Result "0-1"]
[WhiteElo "1909"]
[BlackElo "2414"]

1.e4 d6 2.d4 Nf6 3.Nc3 e5 4.dxe5 dxe5 5.Qxd8+ Kxd8 6.Bg5 Be6 7.O-O-O+ Nd7
8.Nf3 Kc8 9.h3 c6 10.Be3 h6 11.a3 Kc7 12.Be2 b5 13.Nxe5 Nxe5 14.Bf4 Nd7 15.Rxd7+ Kxd7
16.Rd1+ Ke8 17.Bxb5 f6 18.Nd5 Bxd5 19.Rxd5 cxb5 20.Bxe5 fxe5 21.Rxe5+ Kf7
22.Rxb5 Be7  0-1

[Event "Aegean Open"]
[Site "Aghios Kirykos GRE"]
[Date "2008.07.12"]
[Round "1"]
[White "Koukoufikis,I"]
[Black "Lagopatis,N"]
[Result "0-1"]
[WhiteElo "1860"]
[BlackElo "2232"]

1.e4 d6 2.d4 Nf6 3.Nc3 Nbd7 4.Be3 e5 5.f3 Be7 6.g4 c6 7.Qd2 O-O 8.O-O-O b5
9.h4 exd4 10.Bxd4 b4 11.Nce2 c5 12.Be3 Ne5 13.Ng3 Qa5 14.Kb1 Be6 15.b3 Rfd8
16.h5 d5 17.g5 dxe4 18.Qc1 Rxd1 19.Qxd1 Rd8 20.Qe1 Nd5 21.Nxe4 Nxe3 22.Be2 Nxc2
23.Qc1 Na3+ 24.Kb2 c4 25.f4 c3+ 26.Ka1 Nd3 27.Bxd3 Rxd3 28.Ne2 Qd5 29.N4xc3 bxc3
30.Nxc3 Rxc3 31.Qxc3 Qxh1+  0-1

[Event "XXVIII Open"]
[Site "Benasque ESP"]
[Date "2008.07.12"]
[Round "10"]
[White "Baklan,V"]
[Black "Strikovic,A"]
[Result "1-0"]
[WhiteElo "2631"]
[BlackElo "2512"]

1.e4 d6 2.d4 Nf6 3.Nc3 e5 4.Nf3 Nbd7 5.Bc4 Be7 6.O-O Nb6 7.Bb3 exd4 8.Qxd4 O-O
9.a4 a5 10.h3 Nfd7 11.Be3 Nc5 12.Qd1 Nxb3 13.cxb3 Nd7 14.Qc2 Ne5 15.Nxe5 dxe5
16.Rad1 Bd6 17.f4 exf4 18.Bxf4 Ra6 19.Kh1 Qh4 20.Bxd6 cxd6 21.Qd3 Be6 22.Nb5 Qe7
23.Nxd6 h6 24.Nf5 Bxf5 25.Rxf5 Re8 26.Qd5 Qxe4 27.Qxf7+ Kh7 28.Rf4 Qe2 29.Rg1 Rg6
30.Qxb7 Qxb2 31.Qd5 Re3 32.Rf3 Re1 33.Rf8 Rxg1+ 34.Kxg1 Qc1+ 35.Rf1 Qe3+
36.Kh1 Rg5 37.Qf3 Re5 38.Qd1 Qc3 39.Qb1+ Kg8 40.Rd1 Re8 41.Qg6 Rb8 42.Rd3 Qe5
43.Qg3 Qe8 44.Rd5 Ra8 45.Qc7 Kh7 46.Rd7 Qg6 47.Rd6 Qb1+ 48.Kh2 Qxb3 49.Rd7 Qb2
50.Qf4 Ra6 51.Qe4+ Rg6 52.Rd6  1-0

[Event "Maestro Open"]
[Site "Berdsk RUS"]
[Date "2008.07.12"]
[Round "5"]
[White "Velichko,A2"]
[Black "Yakimov,S"]
[Result "0-1"]
[WhiteElo "1984"]
[BlackElo "2215"]

1.e4 d6 2.d4 Nf6 3.Nc3 c6 4.Be3 Qa5 5.f3 e5 6.Ne2 Nbd7 7.Qd2 b5 8.g4 h6 9.h4 b4
10.Nd1 d5 11.Ng3 dxe4 12.Bc4 Ba6 13.Bxa6 Qxa6 14.Nxe4 Nxe4 15.fxe4 exd4 16.Qxd4 O-O-O
17.Qd3 Qxd3 18.cxd3 Ne5 19.Nf2 Nxd3+ 20.Nxd3 Rxd3 21.Ke2 Rd8 22.Bxa7 Kb7
23.Be3 Be7 24.h5 Rhe8 25.Rad1 Bf6 26.Rxd8 Rxd8 27.b3 Ra8 28.Rd1 Rxa2+ 29.Kf3 Rb2
30.Rd7+ Kc8 31.Rxf7 Rxb3 32.Ke2 Rc3 33.Kd2 c5 34.Bxh6 c4 35.Bxg7 Bg5+ 36.Kd1 Rc1+
37.Ke2 Rc2+ 38.Kd1 Rd2+ 39.Ke1 c3 40.Rf5 Be3 41.Rb5 c2 42.Bb2 Rh2 43.g5 Bd4
44.Bc1 Bc3+ 45.Kf1 Rh1+ 46.Ke2 Rxc1 47.Rc5+ Kd7  0-1

[Event "Inautomarket Open"]
[Site "Minsk BLR"]
[Date "2008.07.12"]
[Round "3"]
[White "Ulko,J"]
[Black "Elkin,Ma"]
[Result "1/2-1/2"]
[WhiteElo "2470"]
[BlackElo "2242"]

1.e4 d6 2.d4 Nf6 3.Nc3 c6 4.Nf3 Bg4 5.h3 Bxf3 6.Qxf3 e5 7.Be3 Be7 8.Be2 Nbd7
9.O-O Qc7 10.Qg3 h5 11.Bc4 h4 12.Qf3 b5 13.Bb3 b4 14.Nb1 Nb6 15.dxe5 dxe5
16.a3 c5 17.axb4 cxb4 18.Nd2 Rh5 19.Ra6 Bc5 20.Rfa1 Bxe3 21.Qxe3 Nfd7 22.Qf3 Nf6
23.Nc4 Nxc4 24.Rxf6 gxf6 25.Qxh5 Ke7 26.Qxh4 a5 27.Qh7 Qc6 28.Ba4 Qd6 29.Bb3 Qd4
30.h4 Qxb2 31.Rd1 Nd6 32.Qh6 Qc3 33.Rd3 Qe1+ 34.Kh2 Nxe4 35.Bd5 Nxf2 36.Qg7 Rf8
37.Rf3 Ne4 38.Bxe4 Qxh4+ 39.Kg1 Qe1+ 40.Rf1 Qxe4 41.Qxf6+ Kd7 42.Rd1+ Kc8
43.Qa6+ Qb7 44.Qxa5 Rg8 45.Rd5 f6 46.Qc5+ Qc7 47.Qxb4 Qa7+ 48.Kf1 Qa1+ 49.Kf2 Qa7+
50.Kf3 Qb7 51.Qc5+ Qc7 52.Qxc7+ Kxc7 53.g4 Kc6 54.Ra5 Rb8 55.Ra6+ Rb6 56.Ra8 Rb4  1/2-1/2

[Event "19th Czech Oce Open"]
[Site "Pardubice CZE"]
[Date "2008.07.12"]
[Round "5"]
[White "Kovar,V"]
[Black "Krapivin,Vl"]
[Result "0-1"]
[WhiteElo "2235"]
[BlackElo "2385"]

1.e4 d6 2.d4 Nf6 3.Nc3 e5 4.dxe5 dxe5 5.Qxd8+ Kxd8 6.f4 Nc6 7.fxe5 Nxe5 8.Bf4 Bd6
9.O-O-O Ke7 10.Bg5 c6 11.Nf3 h6 12.Rxd6 Kxd6 13.Bf4 Nd7 14.Bc4 f6 15.Nh4 Nf8
16.Nf5+ Bxf5 17.exf5 Rd8 18.Re1 Nd7 19.Ne4+ Kc7 20.Be6 b6 21.Re3 Nf8 22.Bb3 Rd4
23.c3 Rd3 24.Re2 Kd8 25.Ng3 Rd7 26.Bxe5 fxe5 27.Rxe5 Re7 28.Rxe7 Kxe7 29.Nh5 g6
30.f6+ Kd6 31.Ng7 Ke5 32.Ne8 Ne6 33.f7 Rf8 34.Bc2 Rxf7  0-1

[Event "Maestro Open"]
[Site "Berdsk RUS"]
[Date "2008.07.13"]
[Round "6"]
[White "Fadeev,S"]
[Black "Piskunov,A"]
[Result "1/2-1/2"]
[WhiteElo "2126"]
[BlackElo "2034"]

1.e4 d6 2.d4 Nf6 3.Nc3 e5 4.Bc4 Nbd7 5.Nf3 Be7 6.h3 O-O 7.Be3 c6 8.a4 b6
9.Qd2 a6 10.O-O Bb7 11.d5 cxd5 12.Bxd5 Bxd5 13.exd5 h6 14.Nh4 Nxd5 15.Qxd5 Bxh4
16.Qxd6 Be7 17.Qd5 Qc7 18.Rad1 Nf6 19.Qb3 Bc5 20.Bxc5 Qxc5 21.Nd5 Nxd5 22.Rxd5 Qc7
23.c3 Rad8 24.Rfd1 Rxd5 25.Qxd5 Re8 26.c4 a5 27.b3 Re6 28.Rd3  1/2-1/2

[Event "19th Czech Oce Open"]
[Site "Pardubice CZE"]
[Date "2008.07.13"]
[Round "6"]
[White "Sabol,M"]
[Black "Chuprov,D"]
[Result "1/2-1/2"]
[WhiteElo "2345"]
[BlackElo "2577"]

1.e4 d6 2.d4 Nf6 3.Nc3 e5 4.Nf3 exd4 5.Nxd4 Be7 6.Be2 O-O 7.O-O Re8 8.f4 Bf8
9.Bf3 c6 10.Be3 a5 11.Bf2 a4 12.a3 Qa5 13.g4 g6 14.g5 Nfd7 15.Nde2 Nc5 16.Ng3 Nbd7
17.h4 Nb6 18.Qd4 Bg7 19.e5 Bh3 20.Rfe1 Ncd7 21.Qxd6 Nc4 22.Qd4 Ndb6 23.Nce4 Red8
24.Qc5 Qxc5 25.Bxc5 Nd5 26.Ne2 Bf5 27.Nd6 Nxd6 28.Bxd6 Ne3 29.Nd4 Nxc2 30.Nxc2 Bxc2
31.Re2 Bb3 32.h5 Bf8 33.Rd2 gxh5 34.Bxh5 Bxd6 35.exd6 Ra5 36.Re1 Kf8 37.Re5 Rd5
38.Rdxd5 Bxd5 39.Bd1 Rxd6 40.Bxa4 f6 41.Rf5 Ke7 42.Bc2 fxg5 43.Rxg5 h6 44.Rg7+ Bf7
45.Bb3 Rg6+ 46.Rxg6 Bxg6 47.Kf2 Bf5 48.Bd1 c5 49.Ke3 Kd6 50.b4 b6 51.Bf3 Bg6
52.bxc5+ Kxc5 53.f5 Bf7 54.Kf4 Kd6 55.Be2 Bb3 56.Bh5 Ba2 57.Bg6 Bb3 58.Bh5  1/2-1/2

[Event "Aegean Open"]
[Site "Aghios Kirykos GRE"]
[Date "2008.07.15"]
[Round "4"]
[White "Melnikova,Y"]
[Black "Koukoufikis,A"]
[Result "1/2-1/2"]
[WhiteElo "2256"]
[BlackElo "2252"]

1.e4 d6 2.d4 Nf6 3.Nc3 e5 4.Nge2 Be7 5.g3 Bg4 6.Qd3 Nbd7 7.f4 Bxe2 8.Bxe2 exd4
9.Qxd4 O-O 10.Be3 c6 11.g4 d5 12.exd5 Bc5 13.Qd2 Nxg4 14.Bxg4 Qh4+ 15.Qf2 Qxg4
16.Bxc5 Nxc5 17.Rg1 Rfe8+ 18.Kd2 Qf5 19.Qxc5 Qxf4+ 20.Kd3 Qf5+ 21.Kd2 Qf4+
22.Kd3 Qf5+ 23.Kd2 Qf4+  1/2-1/2

[Event "Maestro Open"]
[Site "Berdsk RUS"]
[Date "2008.07.15"]
[Round "8"]
[White "Sukhorukov,Ana"]
[Black "Telelyaev,Alexa"]
[Result "1-0"]
[WhiteElo "2023"]
[BlackElo "2168"]

1.e4 d6 2.d4 Nf6 3.Nc3 e5 4.Nf3 Nbd7 5.Bc4 Be7 6.dxe5 dxe5 7.Bxf7+ Kxf7 8.Ng5+ Kg8
9.Ne6 Qe8 10.Nxc7 Qg6 11.Nxa8 Qxg2 12.Rf1 Nc5 13.Be3 Bh3 14.Qe2 Qxf1+ 15.Qxf1 Bxf1
16.Kxf1 Ng4 17.h3 Nxe3+ 18.fxe3 Kf7 19.Nc7 Rd8 20.Ke2 Rd6 21.Rf1+ Kg8 22.N7d5 Bd8
23.b4 Nd7 24.a4 Rg6 25.Nd1 Bh4 26.Rf3 Rg2+ 27.Nf2 Rh2 28.a5 g6 29.c4 Kg7
30.Kf1 Bxf2 31.Rxf2 Rxh3 32.Rc2 Nb8 33.b5 Rh1+ 34.Kg2 Rb1 35.Nc3 Rb4 36.c5 Rc4
37.Kf3 Rxc5 38.Rd2 Rxc3 39.Rd8 Rc7 40.Rxb8 Rf7+ 41.Kg2 Kf6 42.a6 bxa6 43.bxa6 Ke6
44.Rb7 Rd7 45.Kg3 Kd6 46.Rb8 Kc6 47.Kg4 h6 48.Rb3 Kc7 49.Kh4 Kc8 50.Rb5 Rd6
51.Rxe5 Rxa6 52.Re7 Kb8 53.e5 Rb6 54.Rh7 h5 55.Kg5 a5  1-0

[Event "Heart of Finland"]
[Site "Jyvaskyla FIN"]
[Date "2008.07.15"]
[Round "6"]
[White "Visti,H"]
[Black "Krylov,St"]
[Result "1-0"]
[WhiteElo "2029"]
[BlackElo "2236"]

1.e4 d6 2.d4 Nf6 3.Nc3 c6 4.h3 Qa5 5.Bd3 e5 6.Nf3 Nbd7 7.O-O Be7 8.Be3 O-O
9.Ne2 d5 10.dxe5 dxe4 11.exf6 Nxf6 12.Ng3 exd3 13.Qxd3 Nh5 14.Bd2 Bb4 15.Bxb4 Qxb4
16.Nxh5 Qxb2 17.Rfb1  1-0

[Event "XXIII Tadeusz Gniota Mem"]
[Site "Police POL"]
[Date "2008.07.15"]
[Round "8"]
[White "Tokarczyk,T"]
[Black "Michna,Mart"]
[Result "1/2-1/2"]
[WhiteElo "2146"]
[BlackElo "2404"]

1.e4 d6 2.d4 Nf6 3.Nc3 c6 4.f4 Qa5 5.e5 Ne4 6.Qf3 Nxc3 7.Bd2 Bf5 8.Bd3 Bxd3
9.cxd3 e6 10.bxc3 Qd5 11.Qe2 dxe5 12.fxe5 c5 13.dxc5 Bxc5 14.d4 Be7 15.Nf3 Nc6
16.c4 Qd7 17.Qe4 Rd8 18.Be3 Na5 19.Rc1 Qa4 20.O-O Nxc4 21.Bg5 h6 22.Bxe7 Kxe7
23.Qxb7+ Rd7 24.Qe4 Nb6 25.Qh4+ Kf8 26.Rc5 Kg8 27.Rfc1 g5 28.Qh5 Kg7 29.h4 Rxd4
30.Nxd4 Qxd4+ 31.Kh1 Nd5 32.R5c4 Qxe5 33.Rf1 Rf8 34.Ra4 Ne7 35.Rxa7 Nf5 36.Ra3 Ng3+
37.Rxg3 Qxg3 38.hxg5 hxg5 39.Rf3 Qe1+ 40.Kh2 Qe5+ 41.Kg1 Qa1+ 42.Rf1 Qd4+
43.Rf2 f6 44.Qf3 e5 45.g3 e4 46.Qe2 Kg6 47.Kg2 e3 48.Rf1 Qe4+ 49.Qf3 Qc2+
50.Kg1 e2 51.Re1 Re8 52.Qd5 Qc3 53.Kf2 Qe3+ 54.Kg2 f5 55.a4 Qe4+ 56.Qxe4 Rxe4
57.Kf2 Rxa4 58.Rxe2 Kh5 59.Rb2 Ra3 60.Kg2 Re3 61.Rb5 Kg4 62.Rb4+ Re4 63.Rb2 Ra4
64.Rc2 Rb4 65.Ra2 Kh5 66.Rf2 Kg6 67.Ra2 Kf6 68.Re2 Rb3 69.Kf2 Kg6 70.Kg2 Kh5
71.Ra2 Kg4 72.Ra4+ f4 73.gxf4 Rb2+ 74.Kf1 gxf4 75.Ra3 Rb8 76.Kf2 Rh8 77.Kg2 Rb8
78.Kf2 Rb4 79.Kg2 Rb1 80.Rc3 Rb2+ 81.Kf1 f3 82.Rc1  1/2-1/2